Rhetorische Stilmittel - Statistics

General Stats
  • This quiz has been taken 231 times
    215 since last reset
  • The average score is 10 of 26
Answer Stats
Hint Answer % Correct
Starke Übertreibung ein Meer von Tränen. Er hat einen Mund wie ein Scheunentor. "Ich fühle eine Armee in meiner Faust." Schiller „Ich warte schon seit einer Ewigkeit“ Hyperbel
68%
Dreigliedrige Steigerung: Ich kam, sah und siegte kunstvolle Steigerung (Es dauerte Tage, Wochen, Monate, ja Jahre. In jeder Partei gibt es Eifrige, Übereifrige und Allzueifrige.) Klimax Steigerung Er weint, er ist bezwungen, er ist unser! Klimax
63%
Vermenschlichung, Belebung eines Dinges oder Abstraktums: "Es kam die Nacht und blätterte gleichgültig in den Bäumen." Rilke; Mutter Natur; Das Blatt tanzt; Die Sonne lacht vom Himmel Personifikation
63%
Beschönigung, verhüllende oder beschönigende Umschreibung einer unangenehmen Sache (statt sterben: entschlafen, verscheiden, ableben, heimgehen) vollschlank "Heimgang" für "Tod" Euphemismus
54%
Auslassung eines für die vollständige syntaktische Konstruktion notwendigen Satzgliedes (Je schneller, desto besser! Was nun? Alles klar?) Unvollständiger Satz "Je früher, desto besser." Ellipse
51%
sagt das Gegenteil dessen, was eigentlich gemeint ist, unwahre Behauptung "Du bist mir ein schöner Freund." eine schöne Bescherung; die Hellste! Ironie
51%
Reimform, bei der Wörter mit gleichem Anlaut aufeinander folgen: Haus und Hof, Wind und Wetter; mit Mann und Maus; mit Kind und Kegel. Liedl lohnt sich Alliteration
50%
Bildliche Bezeichnung (Flussbett, Drahtesel, Wüstenschiff) Metapher
48%
Kreuzstellung zweier Satzglieder "Ich weiß nicht, was ich will, ich will nicht, was ich weiß. Überkreuzstellung: syntaktische. Überkreuzung zweier an sich parallel gebauter Sätze ("Die Kunst ist lang, und kurz ist unser Leben." Goethe) Chiasmus
46%
Stilfigur, wirkungssteigernde Wiederholung von Wörtern oder Wortgruppen zu Beginn mehrerer aufeinander folgender Sätze, Satzteile, Verse oder Strophen (Bsp.: »Zähle die Mandeln, / zähle, was bitter war und dich wachhielt, / zähl mich dazu«, Paul Celan). Die Wiederholung von Wörtern oder Wortgruppen am Ende mehrerer aufeinander folgender Sätze, Satzteile, Verse oder Strophen wird als Epipher bezeichnet. Anapher
44%
Verbindung zweier Vorstellungen, die sich ausschließen, Kopplung einander widersprechender Wörter Bittere Süße, bittersüß, helldunkel, beredtes Schweigen, alter Knabe Oxymoron
43%
Satzreihe: Reihung von Hauptsätzen Parataxe
43%
Wiederholung wichtiger Wörter an Vers- / Satzenden, Gegenteil von einer Anapher (Wort wird hier am Ende wiederholt und bei einer Anapher am Anfang) "Doch alle Lust will Ewigkeit / will tiefe, tiefe Ewigkeit!" Epipher
42%
Widersprüchlichkeit, Scheinwiderspruch (Einmal ist keinmal. Das Leben ist der Tod, der Tod ist das Leben Paradoxon
40%
Stilfigur, bezeichnet die Zusammenstellung entgegengesetzter Begriffe, von Begriffen und Gedanken Im Sommer ist mir kalt, im Winter ist mir heiß. Entgegenstellung (Alle reden vom Wetter. Wir nicht. Heiß ist die Liebe, kalt ist der Tod. Eng ist die Welt, und das Gehirn ist weit.) Antithese
39%
Bejahung durch doppelte Verneinung, Milderung des Gesagten (nicht unschön; er ist nicht gerade ein Held; er freute sich nicht wenig) Litotes
35%
das doppelte Ausdrücken einer Sache (weißer Schimmel, wieder von neuem, alter Greis, grünes Grün) Pleonasmus
27%
Ein abstrakter Begriff der durch eine Person dargestellt wird (der Tod bei "Jederman", das Alter in irgendeinem anderen Stück) Justitia - Gerechtigkeit Fortuna – Glück Gott Amor - Liebe Allegorie
25%
Verbindung unterschiedlicher Sinneseindrücke, Zugleichempfindung: Mischung mehrerer Sinnesgebiete (Farbhören, die Sprache des Geschmacks, die Musik des Herzens) Synästhesie
25%
Einschub: Das war - kurz gesagt - seine Meinung. Ich möchte Ihnen, ich fasse mich ganz kurz, über die Vorgänge berichten Parenthese
24%
Wiederholung eines Begriffs bzw. Ersetzung durch ein sinnverwandtes Wort immer und ewig, nackt und bloß; Tautologie
20%
Unverbundenheit: Aneinanderreihung ohne Konjunktion (Alles rennet, rettet, flüchtet ...Veni, vidi, vici Asyndeton
18%
Geheimzeichen, Verschlüsselung: zu Zeichen reduzierte Symbole od. Stimmungsträger, die das Gemeinte nur andeuten, das Wirkliche verfremden ("Mit allen Augen sieht die Kreatur nur das Offene." Rilke) Chiffre
17%
Verbindung mehrerer Nomen durch ein Verb, das sinngemäß aber nicht zu allen passt (Ich heiße Schmidt und Sie herzlich wilIkommen! Er hob den Blick und ein Bein 'gen Himmel.) Ich trag den Koffer und die Verantwortung zum Bahnhof Zeugma
11%
Umschreibung: der Allmächtige für Gott Periphrase
8%
Kombination sinnverwandter Wörter (Es gibt kein Ende, keinen Ausgang, keine Auflösung. Mein Liebster, mein Bräutigam, mein Verlobter!) Synonymie
3%
No matching quizzes found
Score Distribution
Percent of People with Each Score
Percentile by Number Answered
Your Score History
You have not taken this quiz since the last reset